[Event "zt 2.5 m"]
[Site "San Luis ARG"]
[Date "2007.03.22"]
[Round "6"]
[White "Ricardi,P"]
[Black "Needleman,A"]
[Result "1-0"]
[WhiteElo "2527"]
[BlackElo "2357"]

1.e4 c5 2.Nf3 Nc6 3.Bb5 e6 4.O-O Nge7 5.c3 a6 6.Ba4 b5 7.Bc2 Bb7 8.Re1 d5
9.exd5 Nxd5 10.d4 Qb6 11.Bg5 cxd4 12.cxd4 Be7 13.Nc3 Rd8 14.Nxd5 Rxd5 15.Be3 Qd8
16.Be4 Rd7 17.d5 Nb4 18.Ne5 Rxd5 19.Bxd5 Nxd5 20.Rc1 Bd6 21.Bc5 Bxc5 22.Rxc5 O-O
23.Qd2 h6 24.Rec1 Qe7 25.Nc6 Qh4 26.Na5 Qe7 27.Qd4 Ba8 28.Rc8 Kh7 29.Rxf8 Qxf8
30.h4 Qd6 31.Rc8 Bb7 32.Nxb7 Qd7 33.Rd8 Qxb7 34.Qe4+  1-0

[Event "ch-KAZ"]
[Site "Astana KAZ"]
[Date "2007.03.23"]
[Round "4"]
[White "Kuderinov,K"]
[Black "Kozlov,R"]
[Result "0-1"]
[WhiteElo "2436"]
[BlackElo "2350"]

1.e4 c5 2.Nf3 Nc6 3.Bb5 d6 4.O-O Nf6 5.Re1 Bd7 6.c3 a6 7.Bf1 Bg4 8.h3 Bxf3
9.Qxf3 g6 10.d3 Bg7 11.Bg5 O-O 12.Nd2 b5 13.Qe3 Re8 14.a4 Nd7 15.Nf3 Nde5
16.Nxe5 Bxe5 17.f4 Bg7 18.axb5 axb5 19.e5 Rxa1 20.Rxa1 f6 21.Qf3 Nxe5 22.fxe5 fxg5
23.e6 Rf8 24.Qc6 b4 25.Be2 bxc3 26.bxc3 Bxc3 27.Rb1 Qa5 28.Bf3 Be5 29.Qb7 Qd2
30.Qxe7 g4 31.hxg4 Bd4+ 32.Kh2 Qh6+ 33.Kg3 g5  0-1

[Event "Jose Marca Castaneda mem Open"]
[Site "Lima PER"]
[Date "2007.03.23"]
[Round "5"]
[White "Padilla,H"]
[Black "Alvarado,L"]
[Result "1/2-1/2"]
[WhiteElo "2195"]
[BlackElo "1972"]

1.e4 c5 2.Nf3 Nc6 3.Bb5 g6 4.O-O Bg7 5.Re1 Nf6 6.c3 O-O 7.d4 cxd4 8.cxd4 d5
9.e5 Ne4 10.Nc3 Nxc3 11.bxc3 Qc7 12.Bd3 Na5 13.Bg5 f6 14.exf6 exf6 15.Bh4 Bd7
16.Bg3 Qc8 17.Bd6 Re8 18.Bb4 Nc6 19.Ba3 Rxe1+ 20.Qxe1 Bg4 21.Qe3 Qe6 22.Qf4 Qd7
23.Re1 Be6 24.h4 Bf7 25.Bb5 Re8 26.Rxe8+ Bxe8 27.Bc5 a6 28.Ba4 Bf7 29.g4 b5
30.Bc2 h6 31.g5 hxg5 32.hxg5 f5 33.a4 Nd8 34.axb5 axb5 35.Bd3 Be8 36.Qb8 Nf7
37.Kg2 Qc6 38.Qf4 Qc8 39.Nh4 Nd8 40.Bxf5 gxf5 41.Nxf5 Nc6 42.Nxg7 Kxg7 43.Qf6+ Kg8
44.Qf8+ Kh7 45.Kg3 Qe6 46.Qf4 Bd7 47.Qh4+ Kg8 48.Qh5 Be8 49.Qf3 Qf7 50.Qe2 Qg6
51.f4 Bd7 52.Qxb5 Qe4 53.Qf1 Qe3+ 54.Kh4 Qxc3 55.Qg2 Kg7 56.Qg3 Qxg3+ 57.Kxg3 Bf5
58.Kf3 Nd8 59.Bd6 Ne6 60.Be5+ Kf7 61.Kg3 Kg6 62.Bf6 Bc2 63.Kf3 Kf5 64.Be5 Nf8
65.Ke3 Kg4 66.Bd6 Ng6 67.Bb8 Bf5 68.Bd6 Kg3 69.Be5 Kg2 70.Bd6 Nh4 71.Kd2 Kf3
72.Kc3 Ng6 73.Kb4 Nxf4 74.Kc5 Be6 75.Be5 Ng6 76.Kd6 Bf7 77.Bg7 Ke4 78.Bf6 Kf5
79.Bd8 Nh4 80.Ke7 Bg6 81.Kd6 Ke4 82.Bf6  1/2-1/2

[Event "Rector Cup m"]
[Site "Kharkiv UKR"]
[Date "2007.03.24"]
[Round "9"]
[White "Ivanov,AA"]
[Black "Arzumanian,G"]
[Result "1/2-1/2"]
[WhiteElo "2357"]
[BlackElo "2474"]

1.e4 c5 2.Nf3 Nc6 3.Bb5 e6 4.O-O Nge7 5.Re1 Nd4 6.Nxd4 cxd4 7.c3 a6 8.Bf1 Nc6
9.d3 g6 10.g3 Bg7 11.Bg2 d6 12.c4 O-O 13.Nd2 Bd7  1/2-1/2

[Event "Rector Cup w"]
[Site "Kharkiv UKR"]
[Date "2007.03.24"]
[Round "9"]
[White "Karlovich,A"]
[Black "Chistiakova,T"]
[Result "1-0"]
[WhiteElo "2265"]
[BlackElo "2308"]

1.e4 c5 2.Nf3 Nc6 3.Bb5 Na5 4.O-O a6 5.Be2 b5 6.c3 Nf6 7.e5 Nd5 8.d4 cxd4
9.Qxd4 e6 10.Nbd2 Nc6 11.Qe4 d6 12.c4 bxc4 13.Nxc4 dxe5 14.Nfxe5 Bb7 15.Rd1 Be7
16.Nxc6 Bxc6 17.Ne5 Bb5 18.Bh5 g6 19.Bf3 f5 20.Qe1 O-O 21.Nxg6 hxg6 22.Qxe6+ Kg7
23.Rxd5 Qc7 24.Be3 Bf6 25.Rc5 Qxc5 26.Bxc5 Rfe8 27.Qb6 Rad8 28.a4 Bxa4 29.Qxa6 Bd1
30.Rxd1 Rxd1+ 31.Bxd1 Re1+ 32.Qf1 Rxf1+ 33.Kxf1 Bxb2 34.Ke2 Be5 35.h3 g5
36.Bc2 f4 37.Kf3 Bf6 38.Kg4 Bd8 39.h4 gxh4 40.Kxf4 Kf6 41.Bd4+ Ke6 42.Bb3+ Kd6
43.Kg4  1-0

[Event "Vladimir Zak mem"]
[Site "St Petersburg RUS"]
[Date "2007.03.24"]
[Round "1"]
[White "Lovkov,R"]
[Black "Senkevich,K"]
[Result "1-0"]
[WhiteElo "2429"]
[BlackElo "2106"]

1.e4 c5 2.Nf3 Nc6 3.Bb5 g6 4.O-O Bg7 5.Re1 Nf6 6.e5 Nd5 7.Nc3 Nc7 8.Bxc6 dxc6
9.d3 O-O 10.Ne4 b6 11.h3 Nd5 12.Bd2 Qc7 13.Ng3 Ba6 14.Qc1 Rfd8 15.a3 Qc8
16.Bh6 Bh8 17.Qg5 c4 18.dxc4 Bxc4 19.Qh4 Ba6 20.Ng5 b5 21.e6 f6 22.Nf7 Re8
23.f4 f5 24.Nxf5 Bxb2 25.Rad1 Bf6 26.Bg5 Qc7 27.Rxd5 Bxg5 28.Nxg5 h5 29.Rd7 Qb6+
30.Kh2 Qc5 31.Ne3  1-0

[Event "Spring Open"]
[Site "Belgrade SRB"]
[Date "2007.03.26"]
[Round "1"]
[White "Jelisavcic,S"]
[Black "Miladinovic,L"]
[Result "1-0"]
[WhiteElo "2126"]
[BlackElo "1786"]

1.e4 c5 2.Nf3 Nc6 3.Bb5 e6 4.O-O Nge7 5.c3 g6 6.d4 cxd4 7.cxd4 a6 8.Be2 d6
9.d5 exd5 10.exd5 Ne5 11.Nc3 Bg7 12.Bg5 O-O 13.Qd2 Re8 14.Ne4 Bf5 15.Nf6+ Bxf6
16.Bxf6 Ng4 17.Bh4 Qd7 18.h3 Ne5 19.Bf6 Be4 20.Nxe5 dxe5 21.d6 Nd5 22.Bh4 Nf4
23.f3 Bf5 24.Bc4 Rac8 25.Rfc1 Rc6 26.Bf1 Rxd6 27.Qe1 Rd2 28.Rd1 Qd4+ 29.Kh1 Rxd1
30.Rxd1 Qxb2 31.Bf6 Nh5 32.Bg5 Ng7 33.Qa5 Qf2 34.Qb4 b5 35.a4 Bc2 36.Bh4 Qb6
37.a5 Qb7 38.Rd2 Bf5 39.Bc4 Qc7 40.Bd5 Be6 41.Be4 Bc4 42.Bf2 Nh5 43.Rd6 Qc8
44.Rc6 Qd7 45.Rd6 Qc8 46.Bc6 Re6 47.Bd7 Qc7 48.Bxe6 Bxe6 49.Qc5 Qxa5 50.Qxe5 Qc7
51.Rxe6 Qc1+ 52.Qe1 Qb2 53.Re8+ Kg7 54.Qe5+ Qxe5 55.Rxe5 Nf4 56.Bd4 Kf8 57.Bb6 Ne6
58.Re1 Ke7 59.Ra1 Kd6 60.Rxa6 Kd5 61.Ba5 Kc4 62.Ra7 b4 63.Bxb4 Kxb4 64.Rxf7 Ng5
65.Rg7 Kc4 66.h4 Ne6 67.Rxh7 Kd5 68.h5 gxh5 69.Rxh5+ Kd6 70.Rh6 Ke7 71.Rxe6+ Kxe6
72.Kh2  1-0

[Event "Spring Open"]
[Site "Belgrade SRB"]
[Date "2007.03.27"]
[Round "2"]
[White "Djurovic,Sl"]
[Black "Djurdjevic,P"]
[Result "1-0"]
[WhiteElo "2199"]
[BlackElo "2009"]

1.e4 c5 2.Nf3 Nc6 3.Bb5 Qc7 4.O-O a6 5.Bxc6 dxc6 6.h3 e5 7.d3 g6 8.Nbd2 Bg7
9.a3 Bd7 10.b4 cxb4 11.axb4 Rd8 12.Bb2 Be6 13.Ra4 f6 14.d4 exd4 15.Nxd4 Bc8
16.Qa1 Ne7 17.Qa2 f5 18.N2f3 fxe4 19.Ng5 Rf8 20.Nde6  1-0

[Event "ch-Catalonia"]
[Site "Barcelona ESP"]
[Date "2007.04.02"]
[Round "2"]
[White "Ferrer Serrabssa,J"]
[Black "Blanco,Cr"]
[Result "0-1"]
[WhiteElo "2049"]
[BlackElo "2305"]

1.e4 c5 2.Nf3 Nc6 3.Bb5 g6 4.Bxc6 dxc6 5.d3 Qc7 6.Nc3 e5 7.Be3 Nh6 8.h3 f6
9.Qd2 Nf7 10.Nh2 h5 11.f4 Be6 12.O-O-O O-O-O 13.Qf2 exf4 14.Bxf4 Qa5 15.Kb1 Bg7
16.Rhe1 g5 17.Be3 Nd6 18.Bxc5 Nb5 19.Nxb5 Qxa2+ 20.Kc1 cxb5 21.Kd2 Qxb2 22.Ke2 a6
23.Kf1 g4 24.Rb1 Qe5 25.Be3 g3  0-1

[Event "LIII Mexican Open"]
[Site "Aguascalientes MEX"]
[Date "2007.04.05"]
[Round "3"]
[White "Corrales,Fi"]
[Black "Velazquez Martinez,J"]
[Result "1-0"]
[WhiteElo "2507"]
[BlackElo "2192"]

1.e4 c5 2.Nf3 Nc6 3.Bb5 g6 4.O-O Bg7 5.c3 Nf6 6.e5 Nd5 7.d4 cxd4 8.cxd4 Nc7
9.Nc3 Nxb5 10.Nxb5 O-O 11.Bf4 a6 12.Nc3 d5 13.exd6 Bg4 14.d5 Nd4 15.dxe7 Qxe7
16.d6 Qd7 17.Nd5 Bxf3 18.gxf3 Qh3 19.Bg3 h5 20.Rc1 h4 21.Rc4 hxg3 22.Ne7+ Kh7
23.hxg3 Rh8 24.Rxd4 Bf6 25.Rg4 Kg7 26.Nf5+ Kf8 27.Nh4 Bxh4 28.gxh4 Rxh4 29.Rxh4 Qxh4
30.Qd5 Kg7 31.Qe5+ Qf6 32.f4 g5 33.Qxg5+ Qxg5+ 34.fxg5 Kg6 35.Rc1 Rd8 36.Rc7 Rxd6
37.Rxb7 Rd2 38.f4 a5 39.Rb5 Kh5 40.Kf1 Kg4 41.Ke1 Rc2 42.Kd1 Rf2 43.Kc1 a4
44.Rb4 Rxf4 45.Rxf4+ Kxf4 46.b4 axb3 47.a4  1-0

[Event "LIII Mexican Open"]
[Site "Aguascalientes MEX"]
[Date "2007.04.05"]
[Round "4"]
[White "Corrales,Fi"]
[Black "Capo Vidal,U"]
[Result "1-0"]
[WhiteElo "2507"]
[BlackElo "2375"]

1.e4 c5 2.Nf3 Nc6 3.Bb5 Nf6 4.Nc3 Qc7 5.Nd5 Nxd5 6.exd5 Nd4 7.Nxd4 cxd4 8.O-O Qc5
9.c4 a6 10.Ba4 b5 11.cxb5 Qxd5 12.Qg4 h5 13.Qh3 axb5 14.Bb3 Qc6 15.d3 Bb7
16.Bd2 Qg6 17.Bd1 Bc6 18.f4 f5 19.Re1 Ra6 20.Bf3 Bxf3 21.Qxf3 Qc6 22.Re5 Qxf3
23.gxf3 Rb6 24.Rxf5 e6 25.Rg5 Kf7 26.f5 Be7 27.fxe6+ dxe6 28.Re5 Bd6 29.Ree1 b4
30.Rec1 Ra8 31.Rc4 e5 32.Kg2 Ke6 33.h4 Kd5 34.Kf2 Rba6 35.Rg1 Rxa2 36.Bc1 R8a3
37.Ke2 Rc3 38.Rg6 Bc5 39.f4 Rxc4 40.dxc4+ Ke4 41.fxe5 d3+ 42.Kd1 Ra1 43.Rg3 Kd4
44.Kd2 Kxc4 45.Rxd3 b3 46.Rc3+ Kd5 47.Rxb3 Be7 48.Rb5+ Ke6 49.b4 Rb1 50.Rb7 Bxb4+
51.Kc2 Rxc1+ 52.Kxc1 Be7 53.Kc2 Bxh4 54.Rxg7 Kxe5 55.Rh7 Kd6 56.Rxh5 Bd8
57.Kd3 Kc6 58.Kc4 Bc7 59.Rh6+ Kb7 60.Kb5 Bb8 61.Rh7+ Ka8 62.Kc6 Bg3 63.Rh3 Bb8
64.Rf3 Ba7 65.Kc7 Bb8+ 66.Kc8 Ba7 67.Rb3 Bf2 68.Rb8+ Ka7 69.Rb2 Be3 70.Kc7 Ka8
71.Rb8+ Ka7 72.Rb3 Bf4+ 73.Kc6 Ka8 74.Ra3+ Kb8 75.Rf3 Bh2 76.Rf1 Ka7 77.Rf2 Bg3
78.Rf5 Bh2 79.Rg5 Bf4 80.Rg7+ Ka8 81.Rg4 Bb8 82.Kb6 Ba7+ 83.Ka6 Bb8 84.Rg7 Bh2
85.Ra7+ Kb8 86.Rh7 Bg3 87.Rg7 Be5 88.Re7 Bh2 89.Kb6 Bg1+ 90.Kc6 Ka8 91.Re8+ Ka7
92.Re2 Ka8 93.Kc7 Ba7 94.Re8+ Bb8+ 95.Rxb8+ Ka7  1-0

[Event "LIII Mexican Open"]
[Site "Aguascalientes MEX"]
[Date "2007.04.05"]
[Round "4"]
[White "Estrada Nieto,J"]
[Black "Zavalza,I"]
[Result "1-0"]
[WhiteElo "2366"]
[BlackElo "2190"]

1.e4 c5 2.Nf3 Nc6 3.Bb5 g6 4.O-O Bg7 5.c3 Nf6 6.Re1 O-O 7.e5 Nd5 8.d4 cxd4
9.cxd4 d6 10.Nc3 Nxc3 11.bxc3 d5 12.h3 Bf5 13.Nh4 Bd7 14.Bd3 Na5 15.Qf3 Rc8
16.Bd2 Be6 17.Rab1 Qd7 18.Qg3 Nc4 19.Bc1 Kh8 20.Nf3 Kg8 21.Ng5 Nb6 22.Bb5 Qc7
23.Qh4 h6 24.Nxe6 fxe6 25.Bxh6 Qxc3 26.Bxg7 Kxg7 27.Re3 Qc2 28.Bd3 Qxa2 29.Bxg6 Qxf2+
30.Qxf2 Rxf2 31.Kxf2 Kxg6 32.Ra3 Rc2+ 33.Kg1 Rd2 34.Rxa7 Nc4 35.Raxb7 Ne3
36.R1b2 Rxd4 37.Rxe7 Kf5 38.Re2 Rd3 39.g4+ Kxe5 40.g5 Kd6 41.Re8 Kd7 42.Rf8 Ke7
43.Rf3 d4 44.g6 Rd1+ 45.Kh2 Ra1 46.Rf7+ Ke8 47.Rb2 Nf1+ 48.Rxf1 Rxf1 49.Rb8+  1-0

[Event "II Elo Fide Universidad San Marcos"]
[Site "Lima PER"]
[Date "2007.04.05"]
[Round "5"]
[White "Cornejo P,G"]
[Black "Pacheco,G"]
[Result "1-0"]
[WhiteElo "2196"]
[BlackElo "2201"]

1.e4 c5 2.Nf3 Nc6 3.Bb5 g6 4.O-O Bg7 5.Nc3 e5 6.Nd5 Nge7 7.d3 O-O 8.Bg5 f6
9.Bc4 Kh8 10.Be3 d6 11.c3 Na5 12.Qd2 Bg4 13.Ne1 Nxc4 14.dxc4 Nxd5 15.cxd5 Bd7
16.f4 exf4 17.Bxf4 Qe7 18.Nf3 Rae8 19.Rfe1 Bg4 20.Bg3 Bxf3 21.gxf3 Qd7 22.f4 f5
23.e5 dxe5 24.fxe5 f4 25.e6 Qd6 26.Bf2 Rf5 27.c4 b5 28.Rad1 bxc4 29.Re4 Rb8
30.e7 Re8 31.Re6 Qc7 32.d6 Qc6 33.d7  1-0

[Event "Kaupthing IM"]
[Site "Reykjavik ISL"]
[Date "2007.04.05"]
[Round "3"]
[White "Bellin,R"]
[Black "Asgeirsson,H"]
[Result "1-0"]
[WhiteElo "2381"]
[BlackElo "2180"]

1.e4 c5 2.Nf3 Nc6 3.Bb5 Na5 4.O-O a6 5.Be2 e6 6.d4 cxd4 7.Nxd4 Qc7 8.f4 b5
9.Bf3 Bb7 10.c3 Nf6 11.Qe1 Be7 12.Nd2 Nc4 13.e5 Nd5 14.Ne4 f5 15.exf6 Nxf6
16.b3 Nb6 17.Nxf6+ Bxf6 18.Ba3 Bxf3 19.Rxf3 Nd5 20.Rd1 Qb6 21.Qf2 Rc8 22.Nf5 Qxf2+
23.Kxf2 exf5 24.Rxd5 Rxc3 25.Rxc3 Bxc3 26.Rxf5 Kd8 27.Bc5 Kc7 28.Be3 Bb2
29.Ke2 Kd6 30.Rc5 Re8 31.Rc2 Bf6 32.Kd3 h5 33.g3 g6 34.h3 Bg7 35.Rf2 Rf8
36.g4 hxg4 37.hxg4 Rh8 38.f5 gxf5 39.Rxf5 Ke6 40.Rg5 Bf6 41.Rg6 Rh2 42.g5  1-0

[Event "1st Alexandr Buslaev Mem"]
[Site "Tbilisi GEO"]
[Date "2007.04.05"]
[Round "4"]
[White "Gurgenidze,B"]
[Black "Abasov,N"]
[Result "0-1"]
[WhiteElo "2182"]
[BlackElo "2194"]

1.e4 c5 2.Nf3 Nc6 3.Bb5 g6 4.O-O Bg7 5.c3 Nf6 6.Re1 O-O 7.d4 d5 8.exd5 Qxd5
9.c4 Qd6 10.d5 Na5 11.Na3 a6 12.Ba4 b5 13.cxb5 Nxd5 14.bxa6 Bxa6 15.Bb5 Rfd8
16.Qe2 e6 17.Rb1 Rdb8 18.Bd2 Bxb5 19.Nxb5 Qa6 20.a4 Nb3 21.Bc3 Qxa4 22.Bxg7 Kxg7
23.Qe5+ Kg8 24.Nd6 Qf4 25.Nxf7 Qxf7 26.Ng5 Qf6 27.Nxe6 Qxe5 28.Rxe5 Nf6 29.Nxc5 Nxc5
30.Rxc5 Rxb2 31.Rcc1 Rxb1 32.Rxb1 Ra2 33.g3 Kg7 34.Rb7+ Kh6 35.Rf7 Kg5 36.h4+ Kf5
37.Re7 h5 38.Kg2 Ng4 39.Rf7+ Ke4 40.Rf4+ Kd3 41.Rf8 Ke2 42.Re8+ Kd1 43.Rd8+ Ke1
44.Re8+ Re2  0-1

[Event "LIII Mexican Open"]
[Site "Aguascalientes MEX"]
[Date "2007.04.06"]
[Round "6"]
[White "Quezada,Y"]
[Black "Garmendez,F"]
[Result "1-0"]
[WhiteElo "2515"]
[BlackElo "2305"]

1.e4 c5 2.Nf3 Nc6 3.Bb5 e6 4.Bxc6 bxc6 5.d3 Ne7 6.Qe2 Ng6 7.h4 f6 8.h5 Ne5
9.Nxe5 fxe5 10.Qg4 a5 11.Nd2 a4 12.Nc4 d6 13.Bd2 Ra7 14.g3 Rf7 15.f4 exf4
16.gxf4 e5 17.Qg3 Be7 18.f5 Ba6 19.O-O-O h6 20.Kb1 Bf6 21.Ne3 Bg5 22.Nf1 Bxd2
23.Nxd2 Qc7 24.Rh4 O-O 25.Rg4 Rf6 26.Rg1 R8f7 27.c4 Qe7 28.Qh4 d5 29.Kc2 dxc4
30.dxc4 Qd7 31.Qg3 Re7 32.Rg6 Rxg6 33.Qxg6 Qd4 34.f6 Rd7 35.Qe8+ Kh7 36.Rxg7+ Rxg7
37.fxg7 Kxg7 38.Qg6+  1-0

[Event "LIII Mexican Open"]
[Site "Aguascalientes MEX"]
[Date "2007.04.06"]
[Round "6"]
[White "Perez,Rod"]
[Black "Hernandez Guerrero,G"]
[Result "1/2-1/2"]
[WhiteElo "2395"]
[BlackElo "2551"]

1.e4 c5 2.Nf3 Nc6 3.Bb5 Nf6 4.e5 Nd5 5.O-O Nc7 6.Bxc6 dxc6 7.h3 h6 8.d3 g5
9.Nh2 Bg7 10.f4 gxf4 11.Nf3 Ne6 12.Kh1 Qc7 13.Qe1 Bd7 14.Qe4 Ng5 15.Qxf4 Nxf3
16.Rxf3 Be6 17.Re3 h5 18.Re2 O-O-O 19.Nd2 Bd5 20.Nf3 Bh6 21.Qf5+ Qd7 22.Qxd7+ Kxd7
23.Bxh6 Rxh6 24.Nh4 Rg8 25.Rf1 Rh7 26.Rf4 b6 27.b3 Be6  1/2-1/2

[Event "ch-Catalonia"]
[Site "Barcelona ESP"]
[Date "2007.04.06"]
[Round "6"]
[White "Torner Planell,Jos"]
[Black "Molano Lafuente,I"]
[Result "1/2-1/2"]
[WhiteElo "2185"]
[BlackElo "1932"]

1.e4 c5 2.Nf3 Nc6 3.Bb5 e6 4.O-O Nge7 5.Re1 a6 6.Bf1 d5 7.e5 Qc7 8.c3 d4
9.Na3 Nd5 10.Nc2 dxc3 11.dxc3 b6 12.c4 Ndb4 13.Bd2 Bb7 14.Bc3 Rd8 15.Qe2 Be7
16.Nxb4 cxb4 17.Bd2 O-O 18.Ng5 h6 19.Nf3 Nd4 20.Nxd4 Rxd4 21.Rad1 Re4 22.Qh5 Rh4
23.Qe2 f6 24.f4 Bc5+ 25.Kh1 fxe5 26.Qxe5 Qxe5 27.Rxe5 a5 28.Bc1 Bf2 29.Be3 Bxe3
30.Rxe3 Rhxf4 31.Kg1 Ba6 32.b3 Bc8 33.Red3 e5 34.Re3 Rd4 35.Rde1 Rd2 36.R3e2 Rxe2
37.Rxe2 Re8 38.Rd2 Bf5 39.Kf2 Kf7 40.Rd6 Re6 41.Rd5 Bb1 42.c5 Be4 43.Rd7+ Kg6
44.cxb6 Rxb6 45.Ra7 Rf6+ 46.Ke1 Rc6 47.Rxa5 Rc1+ 48.Kf2 Kf5 49.Ra7 Rc2+ 50.Kg3 Rc3+
51.Kf2 Rc2+  1/2-1/2

[Event "45th Doeberl Cup"]
[Site "Canberra AUS"]
[Date "2007.04.06"]
[Round "2"]
[White "Lin,Z"]
[Black "Rogers,I"]
[Result "0-1"]
[WhiteElo "2189"]
[BlackElo "2526"]

1.e4 c5 2.Nf3 Nc6 3.Bb5 e6 4.Bxc6 bxc6 5.d3 Qc7 6.Qe2 e5 7.O-O d6 8.Ne1 Ne7
9.c4 Ng6 10.Nc3 Be7 11.Bd2 O-O 12.Nc2 f5 13.a3 a5 14.b4 axb4 15.axb4 Rxa1
16.Rxa1 cxb4 17.Nxb4 f4 18.f3 Qb6+ 19.Qf2 Qxb4  0-1

[Event "18th Pobeskydi Hamont Cup"]
[Site "Frydek Mistek CZE"]
[Date "2007.04.06"]
[Round "4"]
[White "Poloch,P"]
[Black "Pisk,P"]
[Result "1/2-1/2"]
[WhiteElo "2296"]
[BlackElo "2361"]

1.e4 c5 2.Nf3 Nc6 3.Bb5 e6 4.Bxc6 bxc6 5.d3 f6 6.O-O Ne7 7.Nh4 g6 8.f4 Bg7
9.Nf3 d6 10.e5 O-O 11.Na3 fxe5  1/2-1/2

[Event "LIII Mexican Open"]
[Site "Aguascalientes MEX"]
[Date "2007.04.07"]
[Round "7"]
[White "Velazquez Martinez,J"]
[Black "Espinosa,Ra MEX"]
[Result "1/2-1/2"]
[WhiteElo "2192"]
[BlackElo "2381"]

1.e4 c5 2.Nf3 Nc6 3.Bb5 g6 4.O-O Bg7 5.c3 Nf6 6.e5 Nd5 7.d4 cxd4 8.cxd4 Nc7
9.Nc3 O-O 10.Bf4 d6 11.exd6 exd6 12.Qa4 Nxb5 13.Nxb5 Bg4 14.Qa3 a6 15.Nxd6 Bxf3
16.Qxf3 Nxd4 17.Qe4 Qh4 18.Rfe1 Ne6 19.Be5 Qxe4 20.Rxe4 Bxe5 21.Rxe5 Rfd8
22.Rd5 Rd7 23.Rad1 Rad8 24.Nf5 Rxd5 25.Ne7+ Kf8 26.Nxd5 Nf4 27.Nc3 Rxd1+
28.Nxd1 Nd3 29.Kf1 Ke7 30.a3 Kd6 31.Ke2 Nf4+ 32.Kf3 Ke5 33.g3 Nd5 34.Ne3 Kd4
35.Nxd5 Kxd5 36.Ke3 Kc4 37.Kd2 Kb3 38.Kc1 g5 39.g4 a5 40.Kb1 b6 41.Kc1 Kc4
42.Kc2 a4 43.Kd2 Kd4 44.Ke2 Ke4 45.f3+ Kd4 46.Kd2 Kc4 47.Kc2 Kd4 48.Kd2 h6
49.Ke2 Kc4 50.Kd2 Kb3 51.Kc1 b5 52.Kb1 Kc4 53.Kc2 Kd4 54.Kd2 Kc4 55.Kc2  1/2-1/2

[Event "18th Pobeskydi Chance Cup"]
[Site "Frydek Mistek CZE"]
[Date "2007.04.07"]
[Round "5"]
[White "Pagerka,M"]
[Black "Stukner,S"]
[Result "1/2-1/2"]
[WhiteElo "2001"]
[BlackElo "2107"]

1.e4 c5 2.Nf3 Nc6 3.Bb5 g6 4.O-O Bg7 5.Re1 Nf6 6.c3 O-O 7.h3 Qb6 8.Bxc6 Qxc6
9.d3 d6 10.Nbd2 b5 11.Nf1 Rb8 12.Ng3 b4 13.c4 Nd7 14.Qe2 Bb7 15.Bg5 f6 16.Be3 Ne5
17.Nd2 f5 18.f4 fxe4 19.dxe4 Nf7 20.Nf3 Ba6 21.Rac1 Qa4 22.b3 Qa3 23.Rc2 Bc8
24.Rd1 Qa6 25.Rcd2 Qc6 26.f5 a5 27.Bf4 Qc7 28.h4 Bc3 29.fxg6 hxg6 30.Rd3 Bg4
31.h5 g5 32.Bd2 Bd4+ 33.Be3 Ne5 34.Bxd4 cxd4 35.Qd2 Bxf3 36.Qxg5+ Kf7 37.gxf3 Ke8
38.Nf5 e6 39.Nxd4 Qf7 40.Kf2 Rg8 41.Qh4 Nxd3+ 42.Rxd3 Qg7 43.Qh2 Rd8 44.Rd2 Qg5  1/2-1/2

[Event "19th Kreuz Open"]
[Site "Lenk SUI"]
[Date "2007.04.07"]
[Round "4"]
[White "Lehmann,Mar"]
[Black "Horvath,Ta1"]
[Result "0-1"]
[WhiteElo "2241"]
[BlackElo "2414"]

1.e4 c5 2.Nf3 Nc6 3.Bb5 e6 4.Bxc6 bxc6 5.d3 Ne7 6.Qe2 Ng6 7.h4 Qc7 8.e5 f6
9.exf6 gxf6 10.c4 Bd6 11.Nc3 Nf4 12.Qf1 Be5 13.g3 Bxc3+ 14.bxc3 Ng6 15.Qe2 d6
16.h5 Ne7 17.Nh4 e5 18.Bh6 Rg8 19.Qf3 f5 20.Qe3 Be6 21.f4 O-O-O 22.Kf2 e4
23.Rab1 Kd7 24.Bg5 d5 25.dxe4 fxe4 26.Qxc5 Rde8 27.Rb2 Nc8 28.Ng2 Nb6 29.Rd2 Kc8
30.Ne3 Nd7 31.Qa3 Rxg5 32.fxg5 Rf8+ 33.Kg2 Rf3 34.Nf1 Ne5 35.g6 h6 36.cxd5 Bxd5
37.Qa6+ Kd8 38.c4 e3 39.Rxd5+ cxd5 40.Nxe3 Rxe3 41.Rf1 Nd7 42.Rf4 Re2+ 43.Kf1 Re8
44.cxd5 Qc1+ 45.Kg2 Qd2+ 46.Kh3 Qxd5 47.g7 Qh1+ 48.Kg4 Ne5+ 49.Kf5 Qxh5+
50.Ke4 Qg6+  0-1

[Event "XXXVIII Open"]
[Site "Mar del Plata ARG"]
[Date "2007.04.07"]
[Round "9"]
[White "Dos Santos,R"]
[Black "Alonso,S"]
[Result "0-1"]
[WhiteElo "2374"]
[BlackElo "2419"]

1.e4 c5 2.Nf3 Nc6 3.Bb5 e6 4.O-O Nge7 5.c3 a6 6.Be2 d5 7.exd5 Nxd5 8.d4 Nf6
9.Be3 cxd4 10.Nxd4 Bd7 11.Bf3 Qc7 12.c4 Ne5 13.Be2 Bd6 14.Nd2 Ng6 15.h3 e5
16.c5 Be7 17.N4f3 O-O 18.Rc1 Bc6 19.Nc4 Rad8 20.Qb3 Nd5 21.Rfe1 Nxe3 22.Qxe3 e4
23.Nfd2 f5 24.Bf1 Kh8 25.b4 f4 26.Qe2 f3 27.Qe3 fxg2 28.Be2 Bh4 29.Nd6 Bxf2+
30.Qxf2 Rxf2 31.Kxf2 Rxd6 32.cxd6 Qxd6 33.Red1 Qh2 34.Rg1 Qf4+ 35.Ke1 e3  0-1

[Event "ch-Catalonia"]
[Site "Barcelona ESP"]
[Date "2007.04.08"]
[Round "8"]
[White "Martin Sanchez,E"]
[Black "Blanco,Cr"]
[Result "0-1"]
[WhiteElo "2025"]
[BlackElo "2305"]

1.e4 c5 2.Nf3 Nc6 3.Bb5 g6 4.O-O Bg7 5.Re1 e5 6.c3 Nge7 7.d4 cxd4 8.cxd4 Nxd4
9.Nxd4 exd4 10.Bg5 h6 11.Bh4 O-O 12.Nd2 g5 13.Bg3 d5 14.Rc1 Nc6 15.Bxc6 bxc6
16.Rxc6 dxe4 17.Nxe4 f5 18.Rd6 Qa5 19.Nf6+ Bxf6 20.Rxf6 Rxf6 21.Re8+ Kf7
22.Qh5+ Rg6 23.Qe2 Qc5 24.h4 Ba6  0-1

[Event "ch-Catalonia"]
[Site "Barcelona ESP"]
[Date "2007.04.08"]
[Round "8"]
[White "Torner Planell,Jos"]
[Black "Catarineu Navines,F"]
[Result "1-0"]
[WhiteElo "2185"]
[BlackElo "2020"]

1.e4 c5 2.Nf3 Nc6 3.Bb5 g6 4.Bxc6 dxc6 5.d3 Bg7 6.h3 e5 7.Be3 Qe7 8.Qd2 b6
9.a4 a5 10.Na3 Ba6 11.O-O Rd8 12.Qc3 f6 13.Nc4 Qc7 14.Nfd2 g5 15.Qb3 Rb8
16.c3 Ne7 17.d4 cxd4 18.cxd4 exd4 19.Bxd4 c5 20.Bc3 O-O 21.Nd6+ Kh8 22.Nf7+ Kg8
23.Nd6+ Kh8 24.N2c4 Ng6 25.Rfe1 Bxc4 26.Nxc4 Rfe8 27.Rad1 Re6 28.Nxa5 Rbe8
29.Nc4 Nf4 30.Qb5 Rd8 31.a5 Ne2+ 32.Kh1 Nxc3 33.axb6 Qb8 34.bxc3 Rxd1 35.Rxd1 Bf8
36.Qd7 Rxe4 37.Qc7 Qe8 38.b7  1-0

[Event "30th Open"]
[Site "San Sebastian ESP"]
[Date "2007.04.08"]
[Round "9"]
[White "Fernandez Garcia,JoseL"]
[Black "Llaneza Vega,P"]
[Result "1/2-1/2"]
[WhiteElo "2467"]
[BlackElo "2249"]

1.e4 c5 2.Nf3 Nc6 3.Bb5 Nf6 4.Nc3 Qc7 5.O-O Nd4 6.Re1 a6 7.Bf1 e5 8.Nd5 Nxd5
9.exd5 d6 10.c3 Nxf3+ 11.Qxf3 Be7 12.d4 O-O 13.Qg3 Bf6 14.dxe5 dxe5 15.Bd3 Bd7
16.h4 Qd8 17.Bg5 Re8 18.Re2 c4 19.Bxc4 Bb5 20.Bxf6 Qxf6 21.Bxb5 axb5 22.Rae1 Rxa2
23.Rxe5 Rxe5 24.Qxe5 Qxe5 25.Rxe5 f6 26.Re7 Ra1+ 27.Kh2 Rd1 28.Rxb7 Rxd5
29.Kg3 h5 30.f4 Rd3+ 31.Kf2 Rd2+ 32.Ke3 Rxb2 33.g3 Kh7 34.f5 Rc2 35.Rxb5 Rxc3+
36.Kf4 Rc4+ 37.Kf3 Rc3+  1/2-1/2

[Event "45th Doeberl Cup"]
[Site "Canberra AUS"]
[Date "2007.04.09"]
[Round "7"]
[White "Wallis,C"]
[Black "Sales,J"]
[Result "0-1"]
[WhiteElo "2178"]
[BlackElo "2361"]

1.e4 c5 2.Nf3 Nc6 3.Bb5 e6 4.Bxc6 bxc6 5.d3 Ne7 6.Qe2 Ng6 7.h4 h5 8.e5 Be7
9.Qe4 c4 10.dxc4 Rb8 11.Nbd2 c5 12.g3 Bb7 13.Qe2 Qc7 14.O-O f5 15.exf6 gxf6
16.Re1 Kf7 17.b3 Rbg8 18.Bb2 Bd6 19.Kf1 Ne7 20.Ne4 Bxe4 21.Qxe4 Nf5 22.Qd3 Rh6
23.Nd2 Rhg6 24.Ne4 Bxg3 25.Nxg3 Nxg3+ 26.fxg3 Rxg3 27.Qh7+ R8g7 28.Qxh5+ Ke7
29.Re2 Rg1+ 30.Kf2 Qg3+  0-1

[Event "8th ch-Euro"]
[Site "Dresden GER"]
[Date "2007.04.09"]
[Round "7"]
[White "Areshchenko,A"]
[Black "Guseinov,El"]
[Result "1-0"]
[WhiteElo "2647"]
[BlackElo "2457"]

1.e4 c5 2.Nf3 Nc6 3.Bb5 e6 4.Bxc6 bxc6 5.d3 Ne7 6.Nc3 Ng6 7.h4 h5 8.e5 Be7
9.Qe2 Rb8 10.b3 f6 11.Qe4 Kf7 12.Bb2 Qa5 13.O-O-O Rb4 14.Qe3 fxe5 15.a3 Rg4
16.Ne4 d6 17.g3 Ke8 18.Nh2 Rf8 19.Nxg4 hxg4 20.Qe2 d5 21.Qxg4 Nh8 22.Nd2 Bf6
23.Nf3 Nf7 24.Rhe1 Qc7 25.Qg6 Ke7 26.a4 Qd6 27.Nd2 Bd7 28.Nb1 Be8 29.Qg4 Nh6
30.Qe2 e4 31.dxe4 Bxb2+ 32.Kxb2 c4 33.Qe3 Qe5+ 34.Ka2 Bg6 35.f4  1-0

[Event "Kaupthing IM"]
[Site "Reykjavik ISL"]
[Date "2007.04.09"]
[Round "9"]
[White "Bjornsson,Si"]
[Black "Asgeirsson,H"]
[Result "1-0"]
[WhiteElo "2329"]
[BlackElo "2180"]

1.e4 c5 2.Nf3 Nc6 3.Bb5 Na5 4.c3 Nf6 5.e5 Nd5 6.Ng5 e6 7.d4 a6 8.Bd3 cxd4
9.Qh5 g6 10.Qf3 f5 11.exf6 Qxf6 12.Qg3 Be7 13.Ne4 Qf7 14.Bh6 Nc6 15.Nbd2 e5
16.cxd4 Ndb4 17.dxe5 Nxe5 18.Bb1 d6 19.a3 Nbc6 20.O-O Be6 21.f4 Ng4 22.Ng5 Bxg5
23.Bxg5 O-O 24.h3 Nf6 25.f5 Nh5 26.fxe6 Qxf1+ 27.Nxf1 Rxf1+ 28.Kxf1 Nxg3+
29.Kf2 Nf5 30.Ba2 Kg7 31.Rd1 Re8 32.Bd2 Kf8 33.Bc3 Rd8 34.g4 Nfe7 35.Ke3 d5
36.Rf1+ Ke8 37.Bg7 Ng8 38.Bf8 Ne5 39.Kd4 Nc6+ 40.Kc5 Nge7 41.Bg7 Ng8 42.Bxd5  1-0

[Event "1st Archil Ebralidze Mem"]
[Site "Tbilisi GEO"]
[Date "2007.04.09"]
[Round "8"]
[White "Chibukhchian,A"]
[Black "Bagaturov,G"]
[Result "1-0"]
[WhiteElo "2419"]
[BlackElo "2478"]

1.e4 c5 2.Nf3 Nc6 3.Bb5 g6 4.Bxc6 dxc6 5.d3 Bg7 6.Nc3 Bg4 7.Be3 Qb6 8.Bc1 c4
9.h3 Bxf3 10.Qxf3 cxd3 11.Qxd3 Rd8 12.Qc4 Nf6 13.O-O Nd7 14.a4 a5 15.Ra3 Qb4
16.Qe2 Nc5 17.e5 O-O 18.f4 f6 19.Na2 Qe4 20.Qf2 Ne6 21.Re3 Qd4 22.exf6 Rxf6
23.g3 Qxa4 24.Nc3 Qb4 25.Ne4 Rff8 26.c3 Qb5 27.Re2 Rd3 28.Kh2 Qd5 29.Qe1 Qd7
30.h4 Rd5 31.Nf2 Nc5 32.Rxe7 Qd8 33.c4 Rd6 34.Rxg7+ Kxg7 35.Qe5+ Qf6 36.Qxc5 Qd4
37.Be3 Qf6 38.Ne4  1-0